| 000 | 00731cam a2200253 i 4500 | ||
|---|---|---|---|
| 999 |
_c200454294 _d72506 |
||
| 003 | TR-AnTOB | ||
| 005 | 20230921160725.0 | ||
| 007 | ta | ||
| 008 | 860303s2008 tu 00 1 tu | ||
| 040 |
_aDLC _beng _erda _cDLC _dDLC _dTR-AnTOB |
||
| 041 | 1 | _atur | |
| 050 | 1 | 4 |
_aPQ2231 _b.D3219 2018 |
| 090 |
_aPQ2231 _b.D3219 2018 |
||
| 100 | 1 |
_aDumas, Alexandre, _d1802-1870 _9116969 _eauthor |
|
| 240 | 1 | 0 |
_aLa dame aux camélias _lTurkish. |
| 245 | 1 | 0 |
_aKamelyalı kadın / _cAlexandre Dumas Fils. |
| 264 | 1 |
_aİstanbul : _bSentez, _c2008. |
|
| 300 |
_a204 pages ; _c21 cm |
||
| 336 |
_2rdacontent _atext _btxt |
||
| 337 |
_2rdamedia _aunmediated _bn |
||
| 338 |
_2rdacarrier _avolume _bnc |
||
| 942 |
_cBK _2lcc |
||